Statistics for Multiple Vowel 5 Letter Words - Wordle Inspired

Click here to take the quiz!

General Stats

  • This quiz has been taken 65 times
  • The average score is 9 of 12

Answer Stats

HintAnswer% Correct
Larger than seaOCEAN
98%
FilmMOVIE
96%
ExtraterrestrialALIEN
91%
Not loudQUIET
91%
For sitting onCHAIR
88%
For listening to music/talk stationsRADIO
81%
AbodeHOUSE
79%
Sand expanse by the shoreBEACH
75%
Larger than a keyboardPIANO
68%
Any liquid condimentSAUCE
54%
Moving images and audioVIDEO
54%
Plant-dervived liquidJUICE
42%

Score Distribution

Percentile by Number Answered

Percent of People with Each Score

Your Score History

You have not taken this quiz